|
|
|
|
| LEADER |
00623 a2200193 4500 |
| 005 |
20151026133212.0 |
| 008 |
130402b xxu||||| |||| 00| 0 eng d |
| 020 |
|
|
|a 9780470131480
|
| 080 |
|
|
|a 539.1.074
|b KNO
|
| 100 |
|
|
|a Knoll, Glenn F
|
| 245 |
|
|
|a Radiation detection and measurement
|
| 250 |
|
|
|a 4th ed.
|
| 260 |
|
|
|b John Wiley
|c 2010
|a Hoboken
|
| 300 |
|
|
|a xxvi, 830p.
|
| 653 |
|
|
|a Nuclear counters
|
| 653 |
|
|
|a Radiation - measurement
|
| 942 |
|
|
|c BK
|6 _
|
| 999 |
|
|
|c 65178
|d 65178
|
| 952 |
|
|
|0 0
|1 0
|2 udc
|4 0
|6 5391074_KNO
|7 0
|9 77533
|a UL
|b UL
|d 2012-12-20
|g 0.00
|l 1
|o 539.1.074 KNO
|p 00068135
|r 2015-03-11
|s 2015-03-01
|v 0.00
|w 2012-12-20
|y BK
|